100 Musiker nach deutschen Songs erraten - Statistiken

Allgemein
  • Dieses Quiz wurde 136 mal gespielt
  • Das Durchschnittsergebnis liegt bei 41 aus 100
Antwortstatistiken
Song Künstler % Korrekt
Irgendwie, irgendwo, irgendwann Nena
86%
Rock me Amadeus Falco
84%
Junge Die Ärzte
78%
Männer Herbert Grönemeyer
77%
Durch den Monsun Tokio Hotel
76%
Perfekte Welle Juli
74%
Alles nur geklaut Die Prinzen
73%
Abenteuerland Pur
72%
Herzbeben Helene Fischer
70%
Ein Kompliment Sportfreunde Stiller
70%
194 Länder Mark Forster
69%
Lieblingsmensch Namika
68%
Vom selben Stern Ich + Ich
66%
Wildberry Lillet Nina Chuba
66%
Aber bitte mit Sahne Udo Jürgens
65%
Du hast den Farbfilm vergessen Nina Hagen
63%
Major Tom - Völlig losgelöst Peter Schilling
63%
Ein Bett im Kornfeld Jürgen Drews
61%
80 Millionen Max Giesinger
61%
Nur noch kurz die Welt retten Tim Bendzko
61%
Roller Apache 207
60%
Sonne Rammstein
60%
Vertigo Edwin Rosen
59%
Hulapalu Andreas Gabalier
57%
Alles neu Peter Fox
57%
Über den Wolken Reinhard Mey
57%
Skandal im Sperrbezirk Spider Murphy Gang
57%
Katzeklo Helge Schneider
56%
Schatzi schenk mir ein Foto Mickie Krause
55%
Ohne Dich (schlaf' ich heut Nacht nicht ein) Münchener Freiheit
54%
Ich lass für dich das Licht an Revolverheld
54%
Ding Seeed
54%
Schlechtes Vorbild Sido
54%
Verlieben, verloren, vergessen, verzeih'n Wolfgang Petry
54%
Viva Colonia Höhner
53%
Santa Maria Roland Kaiser
53%
Marmor, Stein und Eisen bricht Drafi Deutscher
51%
Bruttosozialprodukt Geier Sturzflug
51%
Traum Cro
49%
Er gehört zu mir Marianne Rosenberg
49%
Denkmal Wir sind Helden
49%
Geiles Leben Glasperlenspiel
48%
Leider geil Deichkind
46%
Und es war Sommer Peter Maffay
46%
Oh Jonny Jan Delay
45%
Auf anderen Wegen Andreas Bourani
44%
Das Model Kraftwerk
42%
36grad 2raumwohnung
41%
Palmen aus Plastik Bonez MC, RAF Camora
41%
Bongzimmer Sxtn
39%
Sternenhimmel Hubert Kah
38%
Am Tag, als Conny Kramer starb Juliane Werding
38%
Fiesta Mexicana Rex Gildo
38%
Ich bin ich (Wir sind wir) Rosenstolz
38%
Leichtes Gepäck Silbermond
38%
Ich liebe das Leben Vicky Leandros
38%
Ich will keine Schokolade Trude Herr
37%
Anita Costa Cordalis
34%
Schöne neue Welt Culcha Candela
34%
Die Eine 2005 Die Firma
34%
Du trägst keine Liebe in dir Echt
34%
Bleib in der Schule Trailerpark
34%
Für mich soll's rote Rosen regnen Hildegard Knef
33%
Küssen kann man nicht alleine Max Raabe
33%
Frauen regier'n die Welt Roger Cicero
33%
Willenlos Westernhagen
33%
Küss' die Hand schöne Frau EAV
32%
Johnny Däpp Lorenz Büffel
32%
Wie soll ein Mensch das ertragen Philipp Poisel
32%
VIP in der Psychiatrie K.I.Z
30%
Aloha Heja He Achim Reichel
29%
Das ist alles von der Kunstfreiheit gedeckt Danger Dan
29%
Wie viele Jahre (Hasta La Muerte) Die Toten Hosen
29%
Wovon sollen wir träumen Frida Gold
28%
Für Dich Yvonne Catterfeld
27%
So wie du bist MoTrip, Lary
24%
Moskau Dschinghis Khan
23%
Mietfrei Ski Aggu
23%
Im Wagen vor mir Henry Valentino
22%
Deutsche Bahn Wise Guys
21%
Schöner fremder Mann Connie Francis
19%
Guten Morgen Sonnenschein Nana Mouskouri
18%
Rock mi voXXclub
18%
Du schreibst Geschichte Madsen
17%
Bologna Wanda
17%
Was uns high macht Provinz
14%
Alles auf Rausch Feine Sahne Fischfilet
13%
Panama GReeeN
13%
BÖSER JUNGE Ikkimel
13%
Ford Fiesta Das Lumpenpack
11%
Elon Von Wegen Lisbeth
11%
BERGSTEIGEN $OHO BANI
9%
Wo sind die Clowns? Saltatio Mortis
8%
2000er 01099
7%
Klimpa Klimpa Dominik Hartz
6%
Swiss Lady Pepe Lienhard Band
6%
Alles gute Faber
5%
Es rappelt im Karton Pixie Paris
5%
F***en Das Niveau
2%
Wo bist du Josh.
2%
Keine übereinstimmenden Quizze gefunden
Verteilung der Resultate
Anzahl Personen mit jedem Resultat
Perzentil nach korrekt beantworteten Fragen
Ihre Resultats-Entwicklung
Sie haben dieses Quiz noch nicht gespielt